000 00737nam a2200241Ia 4500
003 OSt
005 20221005081017.0
006 a|||||r|||| 00| 0
007 ta
008 221004b |||||||| |||| 00| 0 eng d
024 _a23475
037 _cTextual
040 _aCRL
_cCRL
_beng
041 _2eng
_aeng
082 _aY72(JB).2'N9, M3
100 _aDasgupta Subhachari
_9610780
245 0 _aForest, ecology and the oppressed
_b A study from the point of view of the forest dwellers
260 _aNew Delhi
_bPeople's Institute for development & Training India
_c1983
300 _a102p.
_ccm.
650 _aSOCIOLOGY
942 _hY72(JB).2'N9, M3
_cTEXL
_2cc
999 _c987017
_d987017